000 00378 a2200169 4500
001 69347
020 _a8508086431
040 _cAnchieta - Itaigara
100 _aBrezina, Thomas
240 1 0 _aA maldição das bruxas
_lpor
245 1 0 _aA maldição das bruxas
300 _a87
362 0 _a2003
440 1 _aÁtica
650 4 _aLiteratura infanto-juvenil
942 _cBK
999 _c69347
_d69347